Normal view
MARC view
Entry Personal Name
001 - CONTROL NUMBER
- control field: 15081
003 - CONTROL NUMBER IDENTIFIER
- control field: OSt
005 - DATE AND TIME OF LATEST TRANSACTION
- control field: 20211022104050.0
008 - FIXED-LENGTH DATA ELEMENTS
- fixed length control field: 211022|| aca||aabn | a|a d
040 ## - CATALOGING SOURCE
- Original cataloging agency: OSt
- Transcribing agency: OSt
100 ## - HEADING--PERSONAL NAME
- Personal name: Ong, C. K.
670 ## - SOURCE DATA FOUND
- Source citation: Work cat.: (OSt)0: Ong,Chin K.; Huxley,Peter; 15080, Tree-crop interactions., c1996.
